000 00668nam a22001937a 4500
005 20120125154712.0
020 _a9788124305744
_c55.00
037 _adpl
_bPub
082 _aS
100 _aBalmuchu, Ranjit
_940172
245 _aParin :
_cby Ranjit Balmuchu; edited by Asmita Bhatt; illustrated by Siddhartha Mukherjee
_bAdventures of a magic kite /
260 _a New Delhi
_bNavneet Publications
270 _a2-E/23, Orion Plaza, 2nd Floor Jhandewalan Extn.,
_bNew Delhi
_e110055
300 _a47p.
_bcol.ill
_c27cm(pbk)
490 _aInteresting original stories for children
_940173
700 _940167
942 _2ddc
_cCH
_hS
_mBAL
999 _c61507
_d61507